La nueva evangelización : Desafíos históricos y pautas culturales / Paulo Suess ; María Victoria C. de Vela, Traductor (Registro nro. 43297)
[ vista simple ]
| 000 -LÍDER | |
|---|---|
| Campo fijo de descripción fija | 010170000a22001810004500 |
| 001 - NÚMERO DE CONTROL | |
| Campo de control | 14434 |
| 041 0# - CÓDIGO DE IDIOMA | |
| Código de idioma para texto/pista de sonido o título separado | |
| 082 04 - NÚMERO DE CLASIFICACIÓN DECIMAL DEWEY | |
| Número de clasificación | G 261 S944n |
| 100 1# - ASIENTO PRINCIPAL--NOMBRE PERSONAL | |
| Nombre personal | Suess, Paulo |
| 245 10 - TÍTULO | |
| Título del Material | La nueva evangelización : Desafíos históricos y pautas culturales / Paulo Suess ; María Victoria C. de Vela, Traductor |
| 260 ## - PUBLICACIÓN, DISTRIBUCIÓN, ETC. (PIE DE IMPRENTA) | |
| Lugar de publicación, distribución, etc. | Quito : Abya-yala |
| 300 ## - DESCRIPCIÓN FÍSICA | |
| Extensión | 237 Pág. |
| 336 ## - CONTENT TYPE | |
| Content type term | texto |
| Content type code | txt |
| Source | rdacontent |
| 337 ## - MEDIA TYPE | |
| Source | rdamedia |
| Media type term | sin mediación |
| Media type code | n |
| 338 ## - CARRIER TYPE | |
| Source | rdacarrier |
| Carrier type term | volumen |
| Carrier type code | nc |
| 505 00 - NOTA DE CONTENIDO | |
| Nota de contenido con formato preestablecido | - La evangelización de los pueblos indígenas: Datos históricos y desafíos actuales - La multiplicidad de voces en la conquista espiritual de América: Lógica y testimonios de la cristiandad colonial - Cultura y religión - Papel creador y normativo de la religiosidad popular en la Iglesia - La Nueva Evangelización y la causa indígena - Orientaciones para una espiritualidad misionera - La causa indígnea en la caminata y la propuesta del CIMI 1972-1989 - Inculturación: desafíos, caminos y metas. |
| 942 ## - TIPO DE MATERIAL (KOHA) | |
| Tipo de Item KOHA | Libros General |
| Estado de Material | Estado de Perdido | Estado de Dañado | No para Préstamo | Colección | Tomo | Biblioteca de Origen | Biblioteca Permanente | Fecha de Adquisición | Total de Préstamos | Signatura Topográfica | Código de Barras | Última vez visto | Última vez Préstado | Ejemplar/Existencia | Fecha de Remplazo | Tipo de Material |
|---|---|---|---|---|---|---|---|---|---|---|---|---|---|---|---|---|
| Colección General | Biblioteca FUSBC | Biblioteca FUSBC | 05/07/2007 | 1 | G 261 S944n | 16468 | 21/03/2024 | 06/02/2017 | 1 | 26/01/2016 | Libros General |
